【嵐】歌詞→曲名クイズ - Statistics

General Stats
  • This quiz has been taken 2,005 times
  • The average score is 4 of 10
Answer Stats
歌詞 曲名 % Correct
君の叫びで 僕は目覚める Monster
100%
ラキラキベイブ 仕事はラストのオーマイグルーヴ きっと大丈夫
93%
それはまるで闇のように 迫る真実 truth
89%
生まれる前から 知っていたような 迷宮ラブソング
86%
おまえは今でもアイドルさ みんな大好きだぜ 愛を叫べ
86%
それでも時代を極める A・RA・SHI
86%
伝えきれぬ愛しさは Love so sweet
85%
飛べない自分を変えていこうか 果てない空
84%
だからちょいと重いのは Boo! A・RA・SHI
84%
NO NO 君をさらいたい 時代
81%
君に触れて 煌めき出す 七色のフレーズ Løve Rainbow
81%
コンビニで雑誌 立ち読みしてた サクラ咲ケ
80%
こんな好きな人に 出逢う季節二度とない Love so sweet
79%
月明かり草眠る頃 Monster
79%
輝きを秘めたハートビート… Troublemaker
79%
透きとおったメロディー胸にひめた 言葉より大切なもの
78%
それぞれ描く 幸せのかたちは重なり One Love
78%
弾けるパッション! そうさNo Reason! ハダシの未来
77%
赤から青に変わるシグナル Everything
77%
振り向くな 後ろには明日はないから サクラ咲ケ
74%
ぼくらはキレイな色を塗りすぎたみたい… アオゾラペダル
74%
何色の未来が待っていますか? 明日の記憶
73%
悲しいほどキレイだね Beautiful days
72%
がんばるさ! 負けないのさ! 君のために僕がいる
71%
明けない夜はないよ Love so sweet
71%
背負い込み過ぎたら捨ててゆこうぜ ワイルド アット ハート
70%
街に愛の歌 流れはじめたら WISH
70%
振り向いては くれないみたい 手厳しい君さ WISH
70%
僕がきっと その手を強く 引くよ 迷宮ラブソング
69%
悲しみ… truth
69%
君の夢よ 叶えと願う カイト
68%
さあ前を向け 常識なんて吹き飛ばせ GUTS!
68%
永遠を 探しに 行こうなんて言わない Løve Rainbow
68%
リクツじゃなくて ムチュウになって ハダシの未来
67%
ごまかしのイミテーションまでも Face Down
67%
こんなに愛したい 君に恋したい I seek
67%
生まれてきた僕たちは たぶんピンチに強い 感謝カンゲキ雨嵐
66%
光と影のループ 誰も知らない
65%
握り締めた手の中には 君の言葉 GUTS!
65%
このフィールドは 君が輝く舞台 Hero
65%
君を乗せたタクシーが 水しぶき上げ遠ざかる 復活LOVE
65%
いつか 僕らが世界を変えていくなら Sakura
65%
一緒に撮ろうよベイビー 愛を叫べ
64%
やっぱりスーパーレディー 愛を叫べ
63%
足早に世界は廻り続けてる Everything
63%
it’s like a supernova Face Down
63%
君は僕の全てさ One Love
63%
千載一遇のチャンス Troublemaker
63%
頂上で合流 夢の道中 BRAVE
62%
辿り着けるよ きっと ただひとつの答えに Find the Answer
61%
だから 想像力 行動力 時代
59%
揺るぎないチカラ合わせて 突き進んでいこう BRAVE
59%
君だけの音を聞かせてよ Happiness
59%
見かけだおしより イイでしょう ナイスな心意気
57%
あんまりムキになるなよ ナイスな心意気
57%
自分だけに 刻まれてるDNA Breathless
56%
エスコートしよう どこまでも I’ll be there
56%
光と影が寄り添って Sakura
56%
「おかえり」 復活LOVE
54%
新たな息吹を告げる風の音 夏疾風
53%
溶けてゆくほど優しく Bittersweet
53%
消えそうな勇気を 今持ってる君へ Daylight
53%
あなたの夢は みんなの夢さ Hero
53%
も一度 歌おう! きっと大丈夫
52%
手で触れればきっと消えてしまうから Dear snow
52%
“正比例に見えて その想いは反比例” Endless Game
52%
優しさの意味さえ知らず One Love
52%
あれは口紅のせいだって 台風ジェネレーション~Typhoon Generation~
52%
君は途方に暮れてた Oh Your Eyes
52%
単純な 真実が 傷をいやしてく 感謝カンゲキ雨嵐
50%
あたたかく 陰ることのない言葉たち 君のうた
50%
涙に暮れたとしても塗り変えてゆく 君のうた
50%
その糸の繋がった先まで カイト
50%
It’s OK 気にせずほっとけー a Day In Our Life
50%
この人生の抑揚 Believe
50%
抱えきれない痛みをおしころせば Dear snow
50%
-キコエテマスカ- Doors~勇気の軌跡~
50%
どこまでもどこまでも 小さな光を探すよ 瞳の中のGalaxy
50%
揺るがないもの 守りたいもの Løve Rainbow
50%
単細胞でいこうぜ ナイスな心意気
48%
あと僅かのPlay 燈して叫んで Doors~勇気の軌跡~
48%
コノままでソノままでイイのか? Endless Game
48%
不謹慎をたたえろ HORIZON
48%
DREAM と書いて「目標」と読む We can make it!
48%
僕の後ろに出来てた道 風の向こうへ
47%
約束はLove つなぐ
47%
自分取り戻す為に上 a Day In Our Life
47%
喜びを 分かちあえないほうがつらいね Beautiful days
47%
君は摩訶不思議 Face Down
47%
海辺に咲いた花のように逞しく PIKA⭐︎⭐︎NCHI DOUBLE
47%
ボロボロの プライドでも ワイルド アット ハート
46%
約束の場所へ その日まで涙見せず 夏疾風
46%
いつまでも消えない輝き両手に Step and Go
46%
目の前の闇 掻き分けFind it I’ll be there
45%
想い抱くそれぞれの未知 Step and Go
45%
風に吹かれ行くだけさ To be free
45%
新しい服も少し 窮屈に思えて とまどいながら
44%
休むことも 止まることも 出来なかった毎日 Hero
44%
誰も知らない 物語(ストーリー)始まる Lotus
44%
打った点が分ける結果 陰と陽 サクラ咲ケ
43%
嘘偽りなく 言えたらいいんだ 風の向こうへ
43%
抱きしめて 抱きしめて 壊れたら 拾い集めて PIKA⭐︎NCHI
43%
せめて今日だけは消えないで PIKA⭐︎⭐︎NCHI DOUBLE
43%
いびつな夢の欠片 言葉より大切なもの
42%
波間にキラキラ消えてゆく きっと大丈夫
42%
矛盾も超えて 引き寄せたこの運命 つなぐ
42%
いつもすぐそばにある A・RA・SHI
41%
どこまでも続いてゆく道で Believe
41%
よみがえる希望でこの胸が 満たされるから 果てない空
40%
あの頃と違う自分あと少し a Day In Our Life
40%
二人は 太陽と月になる Crazy Moon ~キミ・ハ・ムテキ~
40%
近づく 聴こえてくる Turning up
40%
泣き出しそうな感情を 誤魔化す必要ない ハダシの未来
39%
ビッグバーンみたいだね 瞳の中のGalaxy
39%
最高級のスマイル Troublemaker
39%
We got that something Your guilty pleasure Turning up
38%
泪ひと粒 その手のひらに落ちて Your Eyes
38%
答えなんて 見えないや 青空の下、キミのとなり
37%
いつの日か変わる時がくる Happiness
37%
確かに今 かすかに今 I seek
37%
行かないでと一言 台風ジェネレーション~Typhoon Generation~
37%
信じてきたこの自分のために 風の向こうへ
36%
イツダッテ ソウミタイ アイシタッテ NO ユメミライ Crazy Moon ~キミ・ハ・ムテキ~
36%
願い事って儚いのかな 瞳の中のGalaxy
36%
ためらいがちに走り出す とまどいながら
35%
君と過ごしたあの季節が思い浮かぶ マイガール
35%
見慣れた小径駆け抜け 雨跡の空模様 君のうた
35%
終わらせないんだ信じてる Calling
35%
答えを見つけようと 思い出また積み重ねてる Happiness
35%
結論ばかりな超理論 I seek
35%
心がざわめいていた GUTS!
34%
ハートの包帯 感謝カンゲキ雨嵐
33%
過ちだったとしても 手遅れではないから 明日の記憶
33%
僕が包んだ指先 マイガール
33%
Always with you 迷宮ラブソング
33%
いらない 必要のない 人はいない 青空の下、キミのとなり
33%
誰もが交差する街並み 青空の下、キミのとなり
33%
この手が真実を話してる Breathless
33%
何もいらないのに Dear snow
33%
There’s nothing in this world that could stand in my way Whenever You Call
33%
運命という言葉じゃ語れないストーリーを導く 誰も知らない
32%
一人ひとりの物語 夏疾風
32%
こぼれ落ちた季節に戸惑えば Bittersweet
32%
大切なものに 気づくのだろう To be free
32%
だけど本当は君が好きなんだ Monster
31%
まっさらな未来にさえ 明日の記憶
30%
欠け落ちた時間(とき)の隙間を漂うだけ Breathless
30%
This is a last hope Calling
30%
悲しみをそっと 眠らせたまま Lotus
30%
確かめるだけ 果てない空
29%
ぎゅっと強く温かなその手で Daylight
29%
君を愛し続ける WISH
29%
歩く道わからないの? 君のために僕がいる
28%
あの日の風の色は 思い出せるけれど アオゾラペダル
28%
ここに立ち尽くしたまま Crazy Moon ~キミ・ハ・ムテキ~
28%
吹き抜けても揺るがない Find the Answer
28%
時限装置ならとっくにLimit Off PIKA⭐︎NCHI
28%
止まらない時に潜む truth
28%
言葉にできないほど あやふやなものだけど とまどいながら
27%
未来って スゴイって HORIZON
27%
どうやって君に伝えればいい PIKA⭐︎NCHI
27%
ひとつだけ僕たちの道が始まるよ マイガール
26%
どんなときも 情熱を 求めていた Believe
26%
繋いだ手 離さない 誰も知らない
25%
些細な傷に宿るもの 聞こえて来る どこからか カイト
25%
叫ぶOne for all BRAVE
25%
We got those good vibes Party Starters
25%
自分に涙こぼした 君のために僕がいる
24%
新しい未来(あした)へ HEY 時代
24%
さぁ行こうOur life 言葉より大切なもの
24%
「こんな筈じゃない」 曇りのち、快晴
24%
豊かな国がピンチみたいだ HORIZON
24%
溢れるほどの思いは明日に向かい To be free
24%
句読点のない情熱を Turning up
24%
自転車を投げ捨てて アオゾラペダル
23%
どんなに願ってても Beautiful days
23%
共に過ごした 最高の退屈な日々 PIKA⭐︎⭐︎NCHI DOUBLE
22%
たったひとつの答えを この手に Power of the Paradise
22%
光の向こうに 何がある? Sakura
22%
瞳の奥を揺らす I’ll be there
21%
離れていても きっといつまでも 台風ジェネレーション~Typhoon Generation~
21%
My love for you ain’t never gonna change Whenever You Call
21%
I never said it would be easy Whenever You Call
21%
心に火をつけろ SUNRISE日本
20%
どんな暗い夜でも つなぐ
19%
静かな風が 通り過ぎた SUNRISE日本
19%
誰よりも 君を Bittersweet
18%
心の感じるままに Everything
18%
We’ll look back and want more Party Starters
18%
かけめぐる 光は強さを持って SUNRISE日本
18%
この運命(さだめ)を輝かせよう Doors~勇気の軌跡~
17%
リアルと繋がるリセット Endless Game
16%
数え切れないほど流した Power of the Paradise
16%
始まりのLight Your Eyes
16%
見上げた空に一筋の雲 Find the Answer
15%
言葉に出したら 壊れてしまう 復活LOVE
15%
誰か泣いてる Daylight
14%
舞い上がる風 Step and Go
14%
あの日誰かが 言ってた言葉 曇りのち、快晴
13%
答えは「今」Now 全て懸ける Calling
13%
うるさいほどの静寂は Power of the Paradise
13%
喜びに導かれてる Lotus
12%
あきれるほど君と ワイルド アット ハート
11%
持てる限りの 力 翼に We can make it!
10%
そう一歩踏み出せたなら景色も変わる 曇りのち、快晴
7%
本当の夢はいつもそばにある We can make it!
6%
やがて time flies by Party Starters
5%
No matching quizzes found
Score Distribution
Percent of People with Each Score
Percentile by Number Answered
Your Score History
You have not taken this quiz